Synchrony does not explain extrapair paternity rate variation in northern or southern house wrens /
Đã lưu trong:
| 其他作者: | , , , , |
|---|---|
| 格式: | Bài viết |
| 语言: | English |
| 主题: | |
| 标签: |
添加标签
没有标签, 成为第一个标记此记录!
|
| Thư viện lưu trữ: | Thư viện Trường Đại học Đà Lạt |
|---|
| LEADER | 01006nam a2200325 4500 | ||
|---|---|---|---|
| 001 | DLU110130906 | ||
| 005 | ##20111223 | ||
| 040 | # | # | |a DLU |b eng |
| 041 | # | # | |a eng |
| 044 | # | # | |a us |
| 245 | # | # | |a Synchrony does not explain extrapair paternity rate variation in northern or southern house wrens / |c Katie LaBarbera ... [et al.]. |
| 653 | # | # | |a Breeding synchrony |
| 653 | # | # | |a Extrapair paternity |
| 653 | # | # | |a South temperate ecology |
| 653 | # | # | |a Troglodytes aedon |
| 700 | # | # | |a Cramer, Emily R. A. |
| 700 | # | # | |a LaBarbera, Katie. |
| 700 | # | # | |a Llambias, Paulo E. |
| 700 | # | # | |a Lovette, Irby J. |
| 700 | # | # | |a Schaming, Taza D. |
| 773 | # | # | |t Behavioral ecology |g Vol. 21, no. 4 (June-August 2010), p. 773-780 |
| 920 | # | # | |a Phòng Tạp chí -- Trung tâm Thông tin - Thư viện Trường Đại học Đà Lạt |
| 994 | # | # | |a DLU |
| 900 | # | # | |a True |
| 911 | # | # | |a Trương Bảo Trâm Anh |
| 925 | # | # | |a G |
| 926 | # | # | |a A |
| 927 | # | # | |a BB |
| 980 | # | # | |a Thư viện Trường Đại học Đà Lạt |